| 000 | 00000nas##2200000za#4500 |
| 001 | 9.508960 |
| 003 | CaOODSP |
| 005 | 20200331213904 |
| 007 | ta |
| 008 | 150406c1998||||xxc|| m #||||f| |0eng|d |
| 040 | |aCaOODSP|beng |
| 041 | |aeng |
| 041 | |afre |
| 043 | |an-cn--- |
| 086 | 1 |aBT31-2/1999-III |
| 110 | 1 |aCanada. |bTreasury Board. |
| 245 | 10|a1998-99 estimates, part III: Report on plans and priorities |
| 260 | |aOttawa - Ontario : |bTreasury Board of Canada Secretariat |
| 500 | |aN.B.: Incorrect ISBN (0-660-60454-1) printed in this publication. |
| 546 | |aBilingual |
| 563 | |aSoftcover |
| 776 | 0#|tBudget des dépenses 1998-1999. Partie III, Rapport sur les plans et les priorités |w(CaOODSP)9.502118 |
| 776 | 0#|t1998-99 estimates. Part III, Report on plans and priorities |w(CaOODSP)9.505714 |
| 792 | |tBudget des dépenses 1998-1999, partie III: Rapport sur les plans et les priorités |efre|w(CaOODSP)9.508961 |